000 00662nam a2200205 a 4500
001 000010456
005 20240412074218.0
008 091007s1997 dr a 000 p spa d
040 _aDO-SdBNP
_bspa
_cBNPHU
082 _aRD861.44
_bL865a
100 1 _aLora Meyer, Andrés
_925460
245 1 0 _aAbril en el corazón /
_cAndrés Lora Meyer.
260 _aSanto Domingo :
_bAngel ,
_c1997.
300 _a55 p. :
_bil. ;
_c21 cm.
500 _aIncluye datos biográficos del autor en la contracubierta.
590 _aInventariado, 2018/LP
650 0 _aPoesía dominicana
_966
650 0 _aLiteratura dominicana.
_967
910 _aValidado. Control de calidad MFF
999 _c10215
_d10215